Normal view
MARC view
- Byre D
Entry Personal Name
001 - CONTROL NUMBER
- control field: 5651
003 - CONTROL NUMBER IDENTIFIER
- control field: OSt
005 - DATE AND TIME OF LATEST TRANSACTION
- control field: 20180129153927.0
008 - FIXED-LENGTH DATA ELEMENTS
- fixed length control field: 180129|| aca||aabn | a|a d
040 ## - CATALOGING SOURCE
- Original cataloging agency: OSt
- Transcribing agency: OSt
100 ## - HEADING--PERSONAL NAME
- Personal name: Byre D
670 ## - SOURCE DATA FOUND
- Source citation: Work cat.: (OSt): Byre D, 30 Passemgers comprehensions practice for high intermediate and advanced students, 1975